Städtekette mit Bildern - Statistiken

Allgemein
  • Dieses Quiz wurde 211 mal gespielt
  • Das Durchschnittsergebnis liegt bei 9 aus 16
Antwortstatistiken
Bildquiz Antwort % Korrekt
London
99%
New York
99%
Amsterdam
86%
Sydney
86%
Dublin
75%
Istanbul
73%
Glasgow
69%
Mailand
68%
Nairobi
57%
Nürnberg
45%
Warschau
36%
Lissabon
30%
Ottawa
23%
Kairo
22%
Ulaanbaatar
19%
Reims
16%
Keine übereinstimmenden Quizze gefunden
Verteilung der Resultate
Anzahl Personen mit jedem Resultat
Perzentil nach korrekt beantworteten Fragen
Ihre Resultats-Entwicklung
Sie haben dieses Quiz noch nicht gespielt